000 00317nam a22001337a 4500
008 170607b xxu||||| |||| 00| 0 eng d
020 _a9780742519329
041 _aeng
080 _a94
100 _a18
101 _aSHH
245 _aTHE U.S WOMEN'S MOVEMENT IN GLOBAL PERSPECTIVE
_cBANASZAK,L.A
942 _2udc
_cBK
999 _c16266
_d16266